00534nam a2200181Ia 450000500170000000800410001701600140005804000240007205000180009608200080011410000280012224500730015026000340022330000230025750000300028056300100031065000320032020250901172415.0210303s9999 xx 000 0 und d 2reto2022b aNLNbEnglisheAACR2 aPQ3985b.B837 a843 aBRENCH, Anthony C.eaut 0aWriting in French from Senegal to Cameroon /cAnthony Cecil Brench,  aLondon :bOxford U. P.,c1967 avi, 153p. ;b19cm. aBibliography : p. 142-153 a(pbk) aAfrican literature (French)